• 首页
  • 本馆介绍
  • 公告通知
  • 最新文献
  • 馆藏检索
  • 电子资源
  • 读者导购
  • 参考咨询
  • 我的图书馆
  • 登录
  • 详细信息显示
  • 放入我的书架
  • 预约/预借图书
  • 作者相关作品
  • 分类相关作品
  • 丛书相关作品
  • 出版社相关作品

书目信息

  • 表格格式
  • 工作单格式
  • 卡片格式
书名: Leadership, conflict, and cooperation in Afro-American social thought
作者: John Brown Childs.
分册号:
分册名:
出版地: Philadelphia :
 
出版社: Temple University Press
出版时间: 1989.
页数: xii, 172 p. ;
开本: 22 cm.
丛书名:
中图分类号:
科图分类号:
其他分类号: D771.2
主题词:
电子资源:
000 01181pam a2200325 a 450
001 E0759873129
005 20070505164029.32
008 880329s1989 pau b s001 0 eng
010    @a88012170
020    @a0877225818 (alk. paper) :@c$29.95 (est.).
035    @A(DLC) 88012170
040    @aDLC@cDLC@dDLC
043    @an-us---
050 00 @aE185.6@b.C534 1989
082 00 @a303.3/4/08996073@2 19
090    @aD771.2
099    @dD771.2@ex79
100 1  @aChilds, John Brown.
245 10 @aLeadership, conflict, and cooperation in Afro-American social thought / @cJohn Brown Childs.
260    @aPhiladelphia :@bTemple University Press,@c1989.
300    @axii, 172 p. ;@c22 cm.
500    @aIncludes index.
504    @aBibliography: p. 149-162.
650  0 @aAfrican Americans@xIntellectual life.
650  0 @aAfrican American leadership.
650  0 @aSocial action@zUnited States@xHistory@y20th century.
650  0 @aSociology@zUnited States@xHistory@y20th century.
651  0 @aUnited States@xIntellectual life@y20th century.
906    @a7@bcbc@corignew@d1@eocip@f19@gy-gencatlg
991    @bc-GenColl@hE185.6@i.C534 1989@p00005182293@tCopy 1@wBOOKS
    
    Leadership, conflict, and cooperation in Afro-American social thought / / John Brown Childs.-Philadelphia : : Temple University Press, , 1989.
    xii, 172 p. ; ; 22 cm.
    Includes index.-Bibliography: p. 149-162.
    
    ISBN 0877225818 (alk. paper) :$29.95 (est.).
    
●
相关链接 在E读中查询图书 在五车中查询图书 在当当中查询图书 在豆瓣中查询图书


正题名:Leadership, conflict, and cooperation in Afro-American social thought     索取号:D771.2/x79         预约/预借

序号 登录号 条形码 馆藏地/架位号 状态 备注
1 6702   300067022   第二样本阅览室/ [索取号:D771.2/x79] 在馆    
唐山师范学院图书馆 欢迎您!
大连网信软件有限公司© 版权所有